00596nam a2200193 a 450000100060000000300080000600500170001400800410003103500190007204000290009104100080012008200270012810000350015524500580019026000460024830000240029450400500031860000340036856228BD-RjUL20211209080353.0161127s1965 enk b 000 0 eng  a(BD-RjUL)56352 aDLCcODaWUdBD-RjULbeng aeng 223a954.0298bMAI 19651 aMarshall, P. J.q(Peter James)14aThe impeachment of Warren Hastings /cP. J. Marshall. aLondon :bOxford University Press,c1965. axix, 217 p.c23 cm. aIncludes Bibliographical References and Index10aHastings, Warren,d1732-1818.